Statistics for Megacities in 2100

Click here to take the quiz!

General Stats

  • This quiz has been taken 194 times
  • The average score is 29 of 65

Answer Stats

PopulationCountryCity% Correct
15.5 millionJapanTokyo
91%
55.3 millionUnited StatesNew York
86%
63.1 millionIndiaDelhi
85%
83.5 millionIndiaMumbai
84%
88.3 millionNigeriaLagos
83%
40.1 millionEgyptCairo
82%
18.1 millionUnited StatesLos Angeles
78%
17.3 millionMexicoMexico City
78%
13.8 millionBrazilSão Paulo
76%
10.2 millionIndonesiaJakarta
73%
67.2 millionDemocratic Republic of the CongoKinshasa
71%
52.4 millionIndiaKolkata
71%
30.3 millionArgentinaBuenos Aires
69%
57.3 millionBangladeshDhaka
67%
49.3 millionPakistanKarachi
66%
40 millionPhilippinesManila
64%
12.1 millionThailandBangkok
63%
25.9 millionIndiaChennai
61%
73.7 millionTanzaniaDar es Salaam
60%
13.1 millionUnited StatesChicago
59%
46.7 millionKenyaNairobi
59%
35.8 millionEthiopiaAddis Ababa
57%
27 millionPakistanLahore
57%
31 millionColombiaBogota
56%
24.8 millionIndiaBangalore
55%
56.6 millionSudanKhartoum
55%
23.2 millionIndiaHyderabad
53%
14 millionAngolaLuanda
52%
16.3 millionNigeriaAbuja
51%
14.7 millionEgyptAlexandria
48%
24.5 millionNigeriaKano
46%
31.4 millionUgandaKampala
45%
21.2 millionSenegalDakar
44%
36.4 millionSomaliaMogadishu
43%
19.7 millionIndiaAhmedabad
41%
34.1 millionIraqBaghdad
41%
14.2 millionCôte d'IvoireAbidjan
40%
20.4 millionMozambiqueMaputo
38%
50.3 millionAfghanistanKabul
37%
17.9 millionMaliBamako
34%
55.2 millionNigerNiamey
34%
35.8 millionZambiaLusaka
33%
17.3 millionIndiaPune
33%
14.5 millionIndiaSurat
30%
13.4 millionBangladeshChittagong
29%
20.5 millionNigeriaIbadan
28%
18.3 millionRwandaKigali
26%
57.4 millionMalawiLilongwe
26%
14 millionKenyaMombasa
24%
12.6 millionBurkina FasoOuagadougou
23%
11 millionIndiaJaipur
22%
10.1 millionIndiaLucknow
20%
41.2 millionChadN'Djamena
20%
15.5 millionMadagascarAntananarivo
19%
56.9 millionMalawiBlantyre
19%
11 millionPakistanFaisalabad
16%
19.9 millionYemenSana'a
15%
14.8 millionGuineaConakry
14%
10.1 millionLiberiaMonrovia
12%
11.7 millionIndiaKanpur
11%
11.1 millionDemocratic Republic of the CongoLubumbashi
11%
11 millionEgyptGiza
7%
11.5 millionNigeriaKaduna
6%
10.7 millionDemocratic Republic of the CongoMbuji-Mayi
6%
14.6 millionCambodiaPhnom Penh
1%

Score Distribution

Percentile by Number Answered

Percent of People with Each Score

Your Score History

You have not taken this quiz